Petit bac Harry Potter - L - Statistiques

Statistiques générales
  • Ce quiz a été pris 927 fois
  • Le résultat moyen est 3 sur 5
Statistiques - réponses
Thème Mot % Correct
Personnage Neville Londubat / Luna Lovegood / Remus Lupin / Bellatrix Lestrange / Gilderoy Lockhart
96%
Sortilège Lumos / Lumos Maxima / Lumos Solem / Levicorpus / Liberacorpus / Lashlabask / Legilimens / Lacarnum Inflamarae / Lapifors / Limacius Eructo / Locomotor / Locomotor Mortis
83%
Créature Loup garou / Licorne / Lutin de Cornouaille / Lutin / Licheur
70%
Lieu Little Hangleton / Little Whinging / Loutry Ste Chaspoule / Lac noir
28%
Objet Livre de potions du prince de Sang-Mêlé / Lettre d'admission à Poudlard / Lorgnospectre / Lunettes de Harry / Lunascope
19%
Aucun quiz correspondant
Distribution des résultats
% des personnes avec chaque résultat
Percentile par nombre de réponses
Votre historique - résultats
Vous n’avez pas pris ce quiz